000 00442cam a2200181ua 4500
001 5253
008 120306n ii |||gr||||Z||||||eng
040 _cMAIN
082 _a821
100 _aDwivedi, A. N.,
_eEditor,
245 1 1 _aSelected poems
_cby Alfred Tennyson
250 _a1st.
260 _aDelhi:
_bDoaba House,
_c1985.
300 _a400p:
_c23cm.
653 _aEnglish poetry
700 1 _aTennyson, Alfred,
_eAuthor.
942 _cBK
999 _c4435
_d4435